[Event "Rilton Cup 51st"]
[Site "Stockholm"]
[Date "2024.01.04"]
[Round "8"]
[White "Duson, Robin"]
[Black "Pasti, Aron"]
[Result "0-1"]
[WhiteElo "2175"]
[BlackElo "2410"]
[PlyCount "94"]
[EventDate "2023.12.27"]
[EventType "swiss"]
[EventRounds "9"]
[EventCountry "SWE"]
[SourceTitle "CB02_2024"]
[SourceDate "2024.01.10"]
[SourceVersion "1"]
[SourceVersionDate "2024.01.10"]
[SourceQuality "1"]

1. d4 Nf6 2. c4 e6 3. Nc3 Bb4 4. a3 Bxc3+ 5. bxc3 c5 6. f3 Nc6 7. e4 e5 8. d5 Na5 9. Bd3 0-0 10. Nh3 Ne8 11. 0-0 Nd6 12. f4 Naxc4 13. Qe2 b5 14. a4 Qa5 15. Ra2 b4 16. Bxc4 Nxc4 17. Qxc4 Ba6 18. Qb3 Bxf1 19. Kxf1 bxc3 20. Rc2 Rab8 21. Qxc3 Qxa4 22. Nf2 f6 23. d6 Rb5 24. Ke2 exf4 25. Bxf4 Re8 26. Qc4+ Qxc4+ 27. Rxc4 f5 28. Nd3 Rxe4+ 29. Rxe4 fxe4 30. Ne5 Rb7 31. Ke3 a5 32. Kxe4 a4 33. Nc4 Rb3 34. Be5 a3 35. Nd2 Rb4+ 36. Kd3 a2 37. Kc2 c4 38. g4 Kf7 39. h4 g6 40. h5 Ke6 41. Ba1 gxh5 42. gxh5 Kd5 43. h6 Rb6 44. Bg7 Ra6 45. Ba1 Ra3 46. Nf1 Rf3 47. Nd2 Rh3 0-1

[Event "Rilton Cup 51st"]
[Site "Stockholm"]
[Date "2024.01.02"]
[Round "6"]
[White "Duson, Robin"]
[Black "Eilenberg, Jonas"]
[Result "1-0"]
[WhiteElo "2175"]
[BlackElo "2318"]
[PlyCount "77"]
[EventDate "2023.12.27"]
[EventType "swiss"]
[EventRounds "9"]
[EventCountry "SWE"]
[SourceTitle "CB02_2024"]
[SourceDate "2024.01.10"]
[SourceVersion "1"]
[SourceVersionDate "2024.01.10"]
[SourceQuality "1"]

1. d4 d5 2. c4 e6 3. Nc3 Nf6 4. cxd5 exd5 5. Bg5 Bb4 6. e3 h6 7. Bh4 g5 8. Bg3 Ne4 9. Nge2 h5 10. h4 Bg4 11. Qb3 Nxg3 12. Nxg3 Nc6 13. Nge2 gxh4 14. Nf4 Be6 15. Rc1 Qg5 16. a3 Bxc3+ 17. Qxc3 0-0 18. g3 hxg3 19. Rxh5 Qg7 20. Bd3 Rfe8 21. Kd2 gxf2 22. Rch1 Bg4 23. Rh7 Qg5 24. Qc5 Bf3 25. Rh8+ Kg7 26. R1h7+ Kf6 27. Rh6+ Kg7 28. R8h7+ Kg8 29. Rh3 Bg2 30. Rh8+ Kg7 31. R3h5 Qg4 32. R5h7+ Kf6 33. Nxd5+ Bxd5 34. Qxd5 Rf8 35. Rh4 Qg3 36. R8h6+ Kg7 37. Qf5 f1N+ 38. Bxf1 Rg8 39. Rh7+ 1-0

[Event "Rilton Cup 51st"]
[Site "Stockholm"]
[Date "2023.12.28"]
[Round "2"]
[White "Karamsetty, Jeevan"]
[Black "Duson, Robin"]
[Result "1-0"]
[WhiteElo "2275"]
[BlackElo "2175"]
[PlyCount "69"]
[EventDate "2023.12.27"]
[EventType "swiss"]
[EventRounds "9"]
[EventCountry "SWE"]
[SourceTitle "CB02_2024"]
[SourceDate "2024.01.10"]
[SourceVersion "1"]
[SourceVersionDate "2024.01.10"]
[SourceQuality "1"]

1. e4 c5 2. Nf3 e6 3. d3 Nc6 4. g3 d5 5. Nbd2 Nf6 6. Bg2 Be7 7. 0-0 0-0 8. Re1 b6 9. e5 Nd7 10. Nf1 Bb7 11. h4 Qc7 12. Bf4 b5 13. Ng5 h6 14. Nf3 d4 15. N1d2 Nb6 16. g4 Nd5 17. Bg3 Qd7 18. g5 hxg5 19. hxg5 Kh7 20. Re4 Rh8 21. Rh4+ Kg8 22. Ne4 Qd8 23. Rxh8+ Kxh8 24. Nh4 g6 25. Qg4 Kg7 26. Nf6 Ncb4 27. a3 Na6 28. Qh3 Qh8 29. Re1 Rd8 30. Re4 Bxf6 31. gxf6+ Kg8 32. Nxg6 Qxh3 33. Bxh3 fxg6 34. Bxe6+ Kf8 35. Rh4 1-0

[Event "Rilton Cup 51st"]
[Site "Stockholm"]
[Date "2023.12.27"]
[Round "1"]
[White "Duson, Robin"]
[Black "Koykka, Pekka"]
[Result "0-1"]
[WhiteElo "2175"]
[BlackElo "2351"]
[PlyCount "78"]
[EventDate "2023.12.27"]
[EventType "swiss"]
[EventRounds "9"]
[EventCountry "SWE"]
[SourceTitle "CB02_2024"]
[SourceDate "2024.01.10"]
[SourceVersion "1"]
[SourceVersionDate "2024.01.10"]
[SourceQuality "1"]

1. d4 Nf6 2. c4 c5 3. d5 b5 4. cxb5 a6 5. e3 e6 6. dxe6 fxe6 7. Nc3 Be7 8. Nf3 Bb7 9. Be2 0-0 10. 0-0 Nd5 11. bxa6 Nxa6 12. Bd2 Qe8 13. a3 Qg6 14. Ne1 Nac7 15. Qc2 Nxc3 16. Bxc3 Qxc2 17. Nxc2 Be4 18. Rfc1 Nd5 19. Be5 d6 20. Bg3 Rfb8 21. Rab1 Bxc2 22. Rxc2 Rxa3 23. Rd1 Ra2 24. e4 Raxb2 25. Rxb2 Rxb2 26. Bc4 Nc7 27. Bxd6 Bxd6 28. Rxd6 Rb1+ 29. Bf1 Nb5 30. Rc6 Nd4 31. Rc8+ Kf7 32. f3 Rc1 33. Kf2 e5 34. Bd3 Rc3 35. Ke3 Nb3 36. Rc7+ Kf6 37. Rc6+ Ke7 38. Rc7+ Kd6 39. Rxg7 c4 0-1

[Event "Eindhoven Dutch (Women) Top 10 op"]
[Site "Eindhoven"]
[Date "2023.08.16"]
[Round "7"]
[White "Kanyamarala, Trisha"]
[Black "Duson, Robin"]
[Result "0-1"]
[WhiteElo "2344"]
[BlackElo "2140"]
[PlyCount "92"]
[EventDate "2023.08.10"]
[EventType "tourn"]
[EventRounds "9"]
[EventCountry "NED"]
[EventCategory "3"]
[SourceTitle "CBM 215 Extra"]
[Source "ChessBase"]
[SourceDate "2023.09.30"]
[SourceVersion "1"]
[SourceVersionDate "2023.09.30"]
[SourceQuality "1"]

1. d4 Nf6 2. c4 e6 3. Nc3 Bb4 4. Qc2 d5 5. cxd5 exd5 6. Bg5 h6 7. Bh4 Nc6 8. e3 g5 9. Bg3 h5 10. Bb5 Ne4 11. f3 Nxg3 12. hxg3 Bd7 13. 0-0-0 Ne7 14. Bd3 c5 15. Kb1 c4 16. Bf1 Qa5 17. e4 Bxc3 18. Qxc3 Qxc3 19. bxc3 0-0-0 20. Nh3 f6 21. Re1 Rde8 22. Be2 b5 23. a3 Ng6 24. Bd1 Bxh3 25. Rxh3 h4 26. Bc2 hxg3 27. Rxh8 Rxh8 28. exd5 Nf4 29. Bf5+ Kd8 30. d6 Nxg2 31. Re7 Ne3 32. Rd7+ Ke8 33. Re7+ Kf8 34. Be6 g2 35. Rf7+ Ke8 36. Re7+ Kd8 37. Rd7+ Kc8 38. Rh7+ Kb8 39. Rxh8+ Kb7 40. d7 g1Q+ 41. Kb2 Qf2+ 42. Ka1 Qe1+ 43. Kb2 Qd2+ 44. Kb1 Qc2+ 45. Ka1 Qxc3+ 46. Kb1 Qb3+ 0-1

[Event "Eindhoven Dutch (Women) Top 10 op"]
[Site "Eindhoven"]
[Date "2023.08.14"]
[Round "5"]
[White "Unuk, Laura"]
[Black "Duson, Robin"]
[Result "1-0"]
[WhiteElo "2320"]
[BlackElo "2140"]
[PlyCount "79"]
[EventDate "2023.08.10"]
[EventType "tourn"]
[EventRounds "9"]
[EventCountry "NED"]
[EventCategory "3"]
[SourceTitle "CBM 215 Extra"]
[Source "ChessBase"]
[SourceDate "2023.09.30"]
[SourceVersion "1"]
[SourceVersionDate "2023.09.30"]
[SourceQuality "1"]

1. d4 Nf6 2. Nc3 d5 3. Bf4 e6 4. Nb5 Na6 5. e3 Be7 6. Nf3 0-0 7. h4 c6 8. Nc3 c5 9. Ne5 Qa5 10. Bxa6 Qxa6 11. h5 cxd4 12. exd4 Nd7 13. h6 g6 14. Qf3 Nxe5 15. Bxe5 f6 16. Bg3 Qc4 17. 0-0-0 Bb4 18. a3 Bxc3 19. bxc3 Bd7 20. Bd6 Rf7 21. Rhe1 Rc8 22. Rd3 Rc6 23. Qg3 a5 24. Kd2 Qa2 25. Bc5 e5 26. dxe5 fxe5 27. Qg5 Rxc5 28. Qd8+ Rf8 29. Qxd7 Rxf2+ 30. Ke3 Rf7 31. Qe8+ Rf8 32. Qe6+ Rf7 33. Qe8+ Rf8 34. Qe6+ Rf7 35. Kd2 Rc6 36. Qe8+ Rf8 37. Qxe5 Rcf6 38. Rf3 d4 39. Rxf6 dxc3+ 40. Ke3 1-0

[Event "Amsterdam Science Park op-A"]
[Site "Amsterdam"]
[Date "2023.07.21"]
[Round "7"]
[White "Snijders, Take"]
[Black "Duson, Robin"]
[Result "1/2-1/2"]
[WhiteElo "1873"]
[BlackElo "2177"]
[PlyCount "73"]
[EventDate "2023.07.15"]
[EventType "swiss"]
[EventRounds "9"]
[EventCountry "NED"]
[SourceTitle "CBM 215 Extra"]
[Source "ChessBase"]
[SourceDate "2023.09.30"]
[SourceVersion "1"]
[SourceVersionDate "2023.09.30"]
[SourceQuality "1"]

1. e4 c5 2. Nf3 e6 3. d4 cxd4 4. Nxd4 Nc6 5. Nc3 Qc7 6. Be3 a6 7. g4 Nxd4 8. Qxd4 b5 9. 0-0-0 Bb7 10. Bg2 Rc8 11. Qd2 Nf6 12. g5 b4 13. Nd5 Nxd5 14. exd5 Bd6 15. Rhg1 exd5 16. h4 0-0 17. Kb1 Be5 18. Rc1 Qa5 19. Bd4 Bxd4 20. Qxd4 Rc4 21. Qd3 Qc5 22. Rgf1 Bc6 23. Qf5 d4 24. Qxc5 Rxc5 25. Bxc6 dxc6 26. Rce1 f6 27. gxf6 Rxf6 28. Re4 Rcf5 29. Rxd4 Rxf2 30. Rxf2 Rxf2 31. Kc1 a5 32. a3 bxa3 33. bxa3 Kf7 34. Rc4 Rh2 35. Kb2 g6 36. Kb3 Ke7 37. Ka4 1/2-1/2

[Event "NED-ch (Women)"]
[Site "Utrecht"]
[Date "2023.07.03"]
[Round "2"]
[White "Duson, Robin"]
[Black "Van Weersel, Arlette"]
[Result "1/2-1/2"]
[WhiteElo "2177"]
[BlackElo "2173"]
[PlyCount "124"]
[EventDate "2023.07.02"]
[EventType "tourn"]
[EventRounds "6"]
[EventCountry "NED"]
[SourceTitle "CBM 215 Extra"]
[Source "ChessBase"]
[SourceDate "2023.09.30"]
[SourceVersion "1"]
[SourceVersionDate "2023.09.30"]
[SourceQuality "1"]

1. d4 Nf6 2. c4 e6 3. Nc3 Bb4 4. a3 Bxc3+ 5. bxc3 d5 6. f3 c5 7. cxd5 exd5 8. e3 0-0 9. Bd3 b6 10. Ne2 Ba6 11. 0-0 Re8 12. Ng3 Bxd3 13. Qxd3 Nc6 14. Ra2 Qd7 15. Re2 Rad8 16. Rd1 h5 17. Nh1 Qc7 18. Nf2 Qd6 19. Qf5 Qe6 20. Qg5 g6 21. Nd3 cxd4 22. Nf4 Qf5 23. Qxf5 gxf5 24. exd4 Na5 25. Kf2 Nc4 26. Rde1 Kf8 27. Kg3 Rxe2 28. Rxe2 Rc8 29. a4 Kg7 30. Re7 a5 31. Kh4 Rh8 32. Ne6+ Kg6 33. Nf4+ Kg7 34. Ne6+ Kg6 35. Nc7 Rc8 36. Nb5 Re8 37. Rxe8 Nxe8 38. Na3 Nxa3 39. Bxa3 f4 40. Be7 Ng7 41. Bd8 Nf5+ 42. Kh3 Ne3 43. Bxb6 Nc4 44. Bc7 Kg5 45. Bd8+ f6 46. g3 fxg3 47. hxg3 Nb2 48. Bxa5 Nxa4 49. Bb4 Nb2 50. Ba3 Nc4 51. Bc1+ Kg6 52. g4 hxg4+ 53. Kxg4 f5+ 54. Kg3 Kf6 55. Kf2 Ke6 56. Bh6 Nb2 57. Ke2 Nc4 58. Kd3 Kd7 59. Kc2 Kc6 60. Bf4 Nb6 61. Be5 Nc4 62. Kd3 Kd7 1/2-1/2

[Event "NED-ch (Women)"]
[Site "Utrecht"]
[Date "2023.07.03"]
[Round "3"]
[White "Roebers, Eline"]
[Black "Duson, Robin"]
[Result "1/2-1/2"]
[WhiteElo "2419"]
[BlackElo "2177"]
[PlyCount "104"]
[EventDate "2023.07.02"]
[EventType "tourn"]
[EventRounds "6"]
[EventCountry "NED"]
[SourceTitle "CBM 215 Extra"]
[Source "ChessBase"]
[SourceDate "2023.09.30"]
[SourceVersion "1"]
[SourceVersionDate "2023.09.30"]
[SourceQuality "1"]

1. g3 c5 2. Bg2 Nf6 3. d3 d5 4. Nf3 Nc6 5. 0-0 e5 6. Na3 Be7 7. e4 Be6 8. Ng5 Bg4 9. f3 Bh5 10. g4 Bg6 11. Nh3 dxe4 12. dxe4 Qxd1 13. Rxd1 0-0 14. Nf2 Rfd8 15. Be3 a6 16. c3 b5 17. Bf1 h5 18. h3 Nd7 19. Nc2 c4 20. b3 cxb3 21. axb3 Nc5 22. Rdb1 f6 23. b4 Na4 24. c4 Nd4 25. Bxd4 exd4 26. cxb5 Nc3 27. bxa6 Nxb1 28. Rxb1 Rdb8 29. Nd3 Be8 30. Nf4 Ba4 31. Bc4+ Kh7 32. Nxd4 Rxb4 33. Rxb4 Bxb4 34. Nde6 hxg4 35. hxg4 Bd7 36. Nd3 Bxe6 37. Bxe6 Rxa6 38. Bf5+ g6 39. Nxb4 Ra4 40. Nd5 gxf5 41. gxf5 Kg7 42. Kf2 Ra2+ 43. Ke3 Ra3+ 44. Ke2 Ra2+ 45. Kd3 Ra3+ 46. Nc3 Kh6 47. f4 Kh5 48. Kd4 Kg4 49. Nd5 Ra4+ 50. Kd3 Ra3+ 51. Kc4 Ra4+ 52. Kd3 Ra3+ 1/2-1/2

[Event "Helmond Rapid op"]
[Site "Helmond"]
[Date "2023.06.10"]
[Round "5"]
[White "Duson, Robin"]
[Black "Baselmans, Sam"]
[Result "0-1"]
[WhiteElo "2177"]
[BlackElo "2220"]
[PlyCount "78"]
[EventDate "2023.06.10"]
[EventType "swiss (rapid)"]
[EventRounds "9"]
[EventCountry "NED"]
[SourceTitle "CBM 214 Extra"]
[Source "ChessBase"]
[SourceDate "2023.07.31"]
[SourceVersion "1"]
[SourceVersionDate "2023.07.31"]
[SourceQuality "1"]

1. d4 Nf6 2. c4 g6 3. Nc3 Bg7 4. e4 d6 5. Be2 0-0 6. Be3 Na6 7. Nf3 e5 8. 0-0 Ng4 9. Bg5 Qe8 10. dxe5 dxe5 11. h3 Nf6 12. a3 c6 13. Be3 Be6 14. b4 Qe7 15. Qc2 Nh5 16. Rfd1 Nf4 17. Bf1 h6 18. Kh2 g5 19. g3 Ng6 20. Bd3 g4 21. Nh4 Nxh4 22. gxh4 Qxh4 23. Bf1 f5 24. exf5 Bxf5 25. Qb3 gxh3 26. c5+ Kh8 27. Rd6 e4 28. Kh1 Bg4 29. Be2 Bxe2 30. Nxe2 Qg4 31. Rg1 Qf3+ 32. Kh2 Qxe2 33. Qe6 Rxf2+ 34. Bxf2 Qxf2+ 35. Kh1 Qf3+ 36. Kh2 Qf4+ 37. Kh1 Rf8 38. Qg6 Qf3+ 39. Kh2 Be5+ 0-1

[Event "Helmond Rapid op"]
[Site "Helmond"]
[Date "2023.06.10"]
[Round "9"]
[White "Duson, Robin"]
[Black "Madularea, David"]
[Result "1-0"]
[WhiteElo "2177"]
[BlackElo "1875"]
[PlyCount "73"]
[EventDate "2023.06.10"]
[EventType "swiss (rapid)"]
[EventRounds "9"]
[EventCountry "NED"]
[SourceTitle "CBM 214 Extra"]
[Source "ChessBase"]
[SourceDate "2023.07.31"]
[SourceVersion "1"]
[SourceVersionDate "2023.07.31"]
[SourceQuality "1"]

1. d4 Nf6 2. c4 g6 3. Nc3 Bg7 4. e4 d6 5. Be2 0-0 6. Be3 a6 7. a4 e5 8. d5 Nbd7 9. a5 b6 10. axb6 cxb6 11. f3 Bb7 12. Nh3 Nh5 13. 0-0 Qe7 14. g4 Nhf6 15. Qd2 Ne8 16. Kh1 f5 17. Bg5 Bf6 18. gxf5 gxf5 19. Rg1 Kh8 20. exf5 Bxg5 21. Rxg5 Nc5 22. Rag1 Nf6 23. b4 Nb3 24. Qe3 Nd4 25. Ne4 Bc8 26. Ng3 Bd7 27. Bd3 Qf7 28. Nf2 b5 29. Nfe4 bxc4 30. Bxc4 Qe7 31. Nxf6 Qxf6 32. Bd3 Rg8 33. Ne4 Qf7 34. Nxd6 Qxd5 35. Bc4 Rxg5 36. Bxd5 Rxg1+ 37. Qxg1 1-0

[Event "Leiden Noteboom Memorial 82nd"]
[Site "Leiden"]
[Date "2023.02.25"]
[Round "2"]
[White "Lopez, Jasel"]
[Black "Duson, Robin"]
[Result "1-0"]
[WhiteElo "2406"]
[BlackElo "2160"]
[PlyCount "107"]
[EventDate "2023.02.24"]
[EventType "swiss"]
[EventRounds "6"]
[EventCountry "NED"]
[SourceTitle "CBM 212 Extra"]
[Source "ChessBase"]
[SourceDate "2023.03.31"]
[SourceVersion "1"]
[SourceVersionDate "2023.03.31"]
[SourceQuality "1"]

1. d4 Nf6 2. Nf3 e6 3. Bf4 c5 4. e3 Qb6 5. Qc1 Nc6 6. c3 d5 7. h3 Bd7 8. Nbd2 Rc8 9. Qb1 cxd4 10. exd4 Na5 11. a4 Ne4 12. Nxe4 dxe4 13. Nd2 Nb3 14. a5 Nxa5 15. b4 Rxc3 16. bxa5 Qxd4 17. Qxe4 Qc5 18. Qxb7 Rc1+ 19. Rxc1 Qxc1+ 20. Ke2 Ba3 21. g3 Qc5 22. Ne4 Qc2+ 23. Bd2 0-0 24. Bg2 Qc4+ 25. Ke1 Rd8 26. f3 Ba4 27. Bf1 Qc2 28. Be2 f5 29. Bg5 Rd7 30. Qb8+ Kf7 31. Rf1 h6 32. Be3 Bc1 33. Bxc1 Qxc1+ 34. Kf2 Qc2 35. Nd6+ Kg6 36. Nc4 Kh7 37. Qb2 Rd2 38. Qxc2 Rxc2 39. Rb1 Bc6 40. Ne5 Bd5 41. Ke3 Ra2 42. a6 Ra3+ 43. Bd3 g5 44. Kd4 Kg7 45. Bc4 Bxc4 46. Rb7+ Kf8 47. Nxc4 Rxa6 48. Ke5 Rc6 49. Nd6 a5 50. Kf6 Kg8 51. Kg6 Kf8 52. Rf7+ Kg8 53. Re7 Kf8 54. Re8# 1-0

[Event "Eindhoven WLC op 12th"]
[Site "Eindhoven"]
[Date "2022.05.14"]
[Round "2"]
[White "Oskam, Julian"]
[Black "Duson, Robin"]
[Result "1/2-1/2"]
[WhiteElo "1627"]
[BlackElo "1980"]
[PlyCount "70"]
[EventDate "2022.05.13"]
[EventType "swiss"]
[EventRounds "6"]
[EventCountry "NED"]
[SourceTitle "CBM 208 Extra"]
[Source "ChessBase"]
[SourceDate "2022.07.31"]
[SourceVersion "1"]
[SourceVersionDate "2022.07.31"]
[SourceQuality "1"]

1. c4 e5 2. g3 c6 3. d4 e4 4. d5 cxd5 5. cxd5 Nf6 6. Bg2 Bb4+ 7. Bd2 Qe7 8. Bxb4 Qxb4+ 9. Qd2 Nxd5 10. Qxb4 Nxb4 11. Bxe4 d5 12. Bd3 Nxd3+ 13. exd3 0-0 14. Nc3 d4 15. Nb5 Nc6 16. Nf3 Rd8 17. Kd2 Bf5 18. Nh4 Be6 19. Nc7 Rac8 20. Nxe6 fxe6 21. Rac1 g5 22. Nf3 Rf8 23. Ke2 Rf5 24. Nd2 Rcf8 25. Rhf1 Rb5 26. Nc4 Ne5 27. Nxe5 Rxe5+ 28. Kd2 Rb5 29. Rc2 g4 30. Ke1 Rf3 31. Rd2 Kf7 32. Rh1 Ke7 33. Kf1 Kd6 34. Kg2 h5 35. h3 Rf7 1/2-1/2

[Event "Eindhoven WLC op 12th"]
[Site "Eindhoven"]
[Date "2022.05.13"]
[Round "1"]
[White "Duson, Robin"]
[Black "Beerdsen, Thomas"]
[Result "0-1"]
[WhiteElo "1980"]
[BlackElo "2497"]
[PlyCount "70"]
[EventDate "2022.05.13"]
[EventType "swiss"]
[EventRounds "6"]
[EventCountry "NED"]
[SourceTitle "CBM 208 Extra"]
[Source "ChessBase"]
[SourceDate "2022.07.31"]
[SourceVersion "1"]
[SourceVersionDate "2022.07.31"]
[SourceQuality "1"]

1. d4 Nf6 2. c4 e6 3. Nc3 Bb4 4. e3 0-0 5. Bd3 c5 6. Nf3 d5 7. 0-0 cxd4 8. exd4 dxc4 9. Bxc4 b6 10. Bg5 Bb7 11. Qe2 Nbd7 12. Rfd1 h6 13. Bh4 Bxc3 14. bxc3 Qc7 15. Rac1 Bxf3 16. gxf3 Nh5 17. Bb3 Ndf6 18. Bg3 Nf4 19. Qe3 N6h5 20. Kh1 Rfd8 21. c4 Rac8 22. a4 g5 23. Rg1 Kh8 24. h4 Qe7 25. Rce1 Qf6 26. Bxf4 Nxf4 27. hxg5 hxg5 28. Qe5 Qxe5 29. Rxe5 f6 30. Re4 Rc7 31. Rd1 f5 32. Re5 Rh7+ 33. Kg1 Kg7 34. d5 Rdh8 35. dxe6 Rh1# 0-1

[Event "Wch FIDE Online U18 Girls Europe qual"]
[Site "Tornelo INT"]
[Date "2020.12.08"]
[Round "5"]
[White "Ravlusevic, Evelina"]
[Black "Duson, Robin"]
[Result "1-0"]
[WhiteElo "1781"]
[BlackElo "1990"]
[PlyCount "161"]
[EventDate "2020.12.07"]
[EventType "swiss (rapid)"]
[EventRounds "7"]
[EventCountry "ISS"]
[SourceTitle "EXT 2022"]
[Source "ChessBase"]
[SourceDate "2021.10.06"]
[SourceVersion "1"]
[SourceVersionDate "2021.10.06"]
[SourceQuality "1"]

1. d4 Nf6 2. c4 e6 3. Nc3 Bb4 4. Nf3 0-0 5. Bg5 d5 6. e3 Nbd7 7. Be2 dxc4 8. Bxc4 b6 9. 0-0 Bb7 10. a3 Bxc3 11. bxc3 c5 12. Be2 Qc7 13. Rc1 Rac8 14. h3 Rfe8 15. Bf4 Qc6 16. Ne1 e5 17. Bh2 e4 18. a4 a6 19. Nc2 b5 20. Rb1 bxa4 21. Na3 Nd5 22. Qd2 cxd4 23. cxd4 Nc3 24. Ra1 Nxe2+ 25. Qxe2 a5 26. Qd2 Ba6 27. Rfc1 Qd5 28. Bg3 Nb6 29. Rcb1 Nc4 30. Nxc4 Rxc4 31. Rc1 Rxc1+ 32. Rxc1 h6 33. Qd1 Qb3 34. Rb1 Qxd1+ 35. Rxd1 Rc8 36. Ra1 Bb5 37. Rb1 Bd7 38. Rb7 Be6 39. Ra7 a3 40. Rxa5 a2 41. Kh2 Rc1 42. d5 Bxd5 43. Be5 Bb3 44. Bd4 f6 45. Ra3 Rb1 46. Ra8+ Kf7 47. Ra7+ Ke6 48. Kg3 Kd5 49. Kf4 g5+ 50. Kf5 Rf1 51. Kxf6 Rxf2+ 52. Kg6 Rxg2 53. Kxh6 Rg3 54. Kh5 Kc4 55. Rc7+ Kd3 56. Rb7 Bc4 57. Ra7 Ke2 58. Kg6 Kd2 59. Ra4 Bb3 60. Ra3 Kc2 61. Ra7 Rg1 62. Rc7+ Kb1 63. Rb7 Kc2 64. Rc7+ Kd2 65. Ra7 Ke2 66. Ra3 Bc4 67. Ra4 Bd5 68. Ra5 Bc4 69. Ra4 Kd3 70. Ra3+ Kd2 71. Ra4 Bb3 72. Ra3 Kc2 73. Ra7 g4 74. hxg4 Rxg4+ 75. Kf5 Rh4 76. Ra6 Bc4 77. Ra4 Kb3 78. Ra7 Bd3 79. Rb7+ Kc2 80. Rb2+ Kc1 81. Rxa2 1-0

[Event "EU-ch Online U18 Girls"]
[Site "Tornelo INT"]
[Date "2020.09.19"]
[Round "5"]
[White "Duson, Robin"]
[Black "Lupascu, Diana Elena"]
[Result "1-0"]
[WhiteElo "1990"]
[BlackElo "1668"]
[PlyCount "109"]
[EventDate "2020.09.18"]
[EventType "swiss (rapid)"]
[EventRounds "9"]
[EventCountry "ENG"]
[SourceTitle "CBM 198 Extra"]
[Source "ChessBase"]
[SourceDate "2020.11.30"]
[SourceVersion "1"]
[SourceVersionDate "2020.11.30"]
[SourceQuality "1"]

1. d4 Nf6 2. c4 e6 3. Nc3 c5 4. d5 exd5 5. cxd5 d6 6. e4 g6 7. Bd3 Bg7 8. h3 0-0 9. Nf3 Re8 10. 0-0 a6 11. a4 Nbd7 12. Bf4 Qc7 13. Re1 h6 14. Bh2 g5 15. Qd2 Nf8 16. e5 dxe5 17. Nxe5 Qd8 18. Bc4 N6d7 19. Nxf7 Kxf7 20. d6+ Ne6 21. Rxe6 Rxe6 22. Bxe6+ Kxe6 23. Re1+ Kf7 24. Qd5+ Kg6 25. Qe4+ Kf7 26. Qe6+ Kf8 27. Qe7+ Qxe7 28. dxe7+ Ke8 29. Nd5 Nf6 30. Nc7+ Kf7 31. Nxa8 Bd7 32. b3 Nd5 33. Nc7 Nxe7 34. Bd6 Nc6 35. Bxc5 Be5 36. Nd5 Be6 37. Rd1 Na5 38. b4 Nb3 39. Ne3 Kf6 40. Ng4+ Bxg4 41. hxg4 Ke6 42. f3 Bf4 43. Kf2 Nd2 44. g3 Nb3 45. gxf4 Nxc5 46. bxc5 gxf4 47. Rd6+ Ke5 48. Rxh6 Kd5 49. g5 Kxc5 50. g6 b5 51. g7 b4 52. g8Q b3 53. Qc8+ Kb4 54. Rb6+ Ka3 55. Qc3 1-0

[Event "EU-ch Online U18 Girls"]
[Site "Tornelo INT"]
[Date "2020.09.18"]
[Round "1"]
[White "Duson, Robin"]
[Black "Nilsson, Kajsa"]
[Result "1-0"]
[WhiteElo "1990"]
[BlackElo "1699"]
[PlyCount "83"]
[EventDate "2020.09.18"]
[EventType "swiss (rapid)"]
[EventRounds "9"]
[EventCountry "ENG"]
[SourceTitle "CBM 198 Extra"]
[Source "ChessBase"]
[SourceDate "2020.11.30"]
[SourceVersion "1"]
[SourceVersionDate "2020.11.30"]
[SourceQuality "1"]

1. d4 Nf6 2. c4 e6 3. Nc3 d5 4. cxd5 exd5 5. Bg5 Be7 6. e3 0-0 7. Bd3 c6 8. Qc2 g6 9. Nf3 Be6 10. 0-0 Qd7 11. Ne5 Qd8 12. f4 Nfd7 13. Bh6 Nxe5 14. Bxf8 Bxf8 15. fxe5 Nd7 16. Ne2 c5 17. Nf4 Qb6 18. Qf2 Bg7 19. Rac1 c4 20. Bb1 f5 21. h4 Nf8 22. h5 Rd8 23. hxg6 hxg6 24. g3 Bc8 25. Kg2 a5 26. Nh3 Ne6 27. Nf4 Ng5 28. g4 Ne4 29. Bxe4 fxe4 30. Kg3 g5 31. Nh5 Qe6 32. Qe2 b5 33. Nf6+ Bxf6 34. Rxf6 Qd7 35. Rcf1 Re8 36. R1f5 Qh7 37. Rxg5+ Kh8 38. Rh5 Qxh5 39. gxh5 Rg8+ 40. Rg6 Rf8 41. e6 b4 42. Qg4 1-0

[Event "Groningen op 56th"]
[Site "Groningen"]
[Date "2018.12.23"]
[Round "2"]
[White "De Boer, Bas"]
[Black "Duson, Robin"]
[Result "1-0"]
[WhiteElo "2134"]
[BlackElo "1951"]
[PlyCount "27"]
[EventDate "2018.12.22"]
[EventType "swiss"]
[EventRounds "9"]
[EventCountry "NED"]
[SourceTitle "CBM 188 Extra"]
[Source "ChessBase"]
[SourceDate "2019.02.26"]
[SourceVersion "1"]
[SourceVersionDate "2019.02.26"]
[SourceQuality "1"]

1. d4 Nf6 2. c4 e6 3. Nc3 Bb4 4. Qc2 0-0 5. e4 d5 6. e5 Ne4 7. Bd3 c5 8. Nge2 Nd7 9. cxd5 exd5 10. 0-0 Nb6 11. Nxd5 Nxd5 12. Bxe4 cxd4 13. Qc4 Be6 14. Bxd5 1-0

[Event "Groningen op 56th"]
[Site "Groningen"]
[Date "2018.12.22"]
[Round "1"]
[White "Duson, Robin"]
[Black "Baum, Bernd"]
[Result "0-1"]
[WhiteElo "1951"]
[BlackElo "2252"]
[PlyCount "90"]
[EventDate "2018.12.22"]
[EventType "swiss"]
[EventRounds "9"]
[EventCountry "NED"]
[SourceTitle "CBM 188 Extra"]
[Source "ChessBase"]
[SourceDate "2019.02.26"]
[SourceVersion "1"]
[SourceVersionDate "2019.02.26"]
[SourceQuality "1"]

1. d4 d5 2. c4 e6 3. Nc3 Nf6 4. cxd5 exd5 5. Bg5 c6 6. e3 Be7 7. Bd3 Nbd7 8. Qc2 Nf8 9. Nf3 Ne6 10. Bh4 g6 11. 0-0 0-0 12. Rab1 Ng7 13. b4 a6 14. a4 Bf5 15. b5 cxb5 16. axb5 a5 17. Ne5 Re8 18. Rfc1 Ne4 19. Bxe7 Rxe7 20. Nxe4 Bxe4 21. Bxe4 dxe4 22. Qa2 Ne8 23. Rc5 Kg7 24. Rbc1 Nf6 25. h3 h5 26. Qb3 a4 27. Qa3 Ne8 28. R5c4 Rc7 29. b6 Rxc4 30. Nxc4 Qd5 31. Ne5 Nd6 32. Qc5 Qe6 33. Qb4 a3 34. Qc3 a2 35. d5 Qf6 36. Qa1 Rc8 37. Rxc8 Nxc8 38. f4 exf3 39. gxf3 Nxb6 40. f4 Nxd5 41. Qxa2 Nxe3 42. Qf2 Nd5 43. Nd3 b6 44. Kh2 Qc3 45. Ne5 Qe3 0-1

[Event "Wch U16 Girls"]
[Site "Porto Carras"]
[Date "2018.10.30"]
[Round "11.22"]
[White "Duson, Robin"]
[Black "Sankova, Stella"]
[Result "1/2-1/2"]
[WhiteElo "1999"]
[BlackElo "2051"]
[PlyCount "69"]
[EventDate "2018.10.20"]
[EventType "swiss"]
[EventRounds "11"]
[EventCountry "GRE"]
[SourceTitle "CBM 187 Extra"]
[Source "ChessBase"]
[SourceDate "2018.11.04"]
[SourceVersion "1"]
[SourceVersionDate "2018.11.04"]
[SourceQuality "1"]

1. d4 Nf6 2. c4 e6 3. Nc3 Bb4 4. Qc2 0-0 5. a3 Bxc3+ 6. Qxc3 b6 7. Bg5 Bb7 8. e3 h6 9. Bh4 d6 10. Ne2 Nbd7 11. Qc2 c5 12. Rd1 Qc7 13. Nc3 cxd4 14. Rxd4 d5 15. Nb5 Qc6 16. Rd2 dxc4 17. Nd4 Qc5 18. f3 e5 19. Nf5 e4 20. Nd6 Bc6 21. Bxc4 exf3 22. 0-0 Qxe3+ 23. Bf2 Qg5 24. Bd4 Ne4 25. Nxe4 Bxe4 26. Qxe4 Qxd2 27. Rxf3 Qc1+ 28. Bf1 Nc5 29. Rg3 Nxe4 30. Rxg7+ Kh8 31. Rxf7+ Nf6 32. Bxf6+ Kg8 33. Rg7+ Kh8 34. Rf7+ Kg8 35. Rg7+ 1/2-1/2